[Event "GRE-ch Schools Gymnasia-A 30th"]
[Site "Peristeri"]
[Date "2018.04.01"]
[Round "1"]
[White "Gavriil, Odysseas Panagiotis"]
[Black "Xanthopoulos, Theocharis"]
[Result "1/2-1/2"]
[WhiteElo "1946"]
[BlackElo "1215"]
[PlyCount "126"]
[EventDate "2018.04.01"]
[EventType "swiss (rapid)"]
[EventRounds "9"]
[EventCountry "GRE"]
[SourceTitle "EXT 2019"]
[Source "ChessBase"]
[SourceDate "2018.10.10"]
[SourceVersion "1"]
[SourceVersionDate "2018.10.10"]
[SourceQuality "1"]

1. e4 c6 2. d4 d5 3. Nc3 dxe4 4. Nxe4 Bf5 5. Ng3 Bg6 6. h4 h6 7. Nf3 Nd7 8. h5 Bh7 9. Bd3 Bxd3 10. Qxd3 e6 11. Bd2 Ngf6 12. 0-0-0 Qc7 13. Kb1 0-0-0 14. Ne4 Be7 15. g3 Nxe4 16. Qxe4 Nf6 17. Qe2 Rhe8 18. Be3 Nd5 19. Ne5 Bd6 20. c4 Nxe3 21. Qxe3 Kb8 22. Rhe1 Bb4 23. Rf1 Bd6 24. f4 Qe7 25. Rfe1 Qf6 26. g4 Bc7 27. Rf1 Qe7 28. Qb3 Bxe5 29. dxe5 Qc5 30. Qc3 Qb6 31. b3 Rxd1+ 32. Rxd1 Rd8 33. Rxd8+ Qxd8 34. Kc2 Qh4 35. Qd2 Kc8 36. Qe2 Qe7 37. Kc3 Qa3 38. Qd2 Qa5+ 39. Kd3 Qxd2+ 40. Kxd2 Kd7 41. Kd3 Kc7 42. c5 b6 43. b4 Kb7 44. Kc4 Kc7 45. a4 bxc5 46. Kxc5 Kd7 47. g5 Kc7 48. b5 cxb5 49. Kxb5 Kb7 50. Kc5 Kc7 51. a5 a6 52. Kb4 Kb7 53. Kc3 Kc6 54. Kc4 Kb7 55. Kd4 Kc6 56. Kc4 Kb7 57. Kc5 Kc7 58. gxh6 gxh6 59. Kd4 Kc6 60. Kc4 Kb7 61. Kb3 Kc6 62. Kc4 Kb7 63. Kc5 Kc7 1/2-1/2

[Event "Attica-ch U10"]
[Site "Athens"]
[Date "2014.04.14"]
[Round "5.2"]
[White "Abelakiotis, Stavros"]
[Black "Xanthopoulos, Theocharis"]
[Result "1-0"]
[WhiteElo "1582"]
[BlackElo "1000"]
[PlyCount "71"]
[EventDate "2014.04.11"]
[EventType "swiss"]
[EventRounds "7"]
[EventCountry "GRE"]
[SourceTitle "EXT 2024"]
[Source "ChessBase"]
[SourceDate "2023.10.10"]
[SourceVersion "1"]
[SourceVersionDate "2023.10.10"]
[SourceQuality "1"]

1. e4 e5 2. Nf3 Nc6 3. Bb5 a6 4. Ba4 Nf6 5. d3 Bc5 6. 0-0 0-0 7. Bxc6 dxc6 8. Nxe5 Re8 9. Nf3 Bg4 10. h3 Be6 11. Qe2 Qe7 12. Bg5 Qd6 13. e5 Qe7 14. exf6 gxf6 15. Be3 Bd7 16. d4 Bd6 17. Re1 f5 18. Nc3 f4 19. Bd2 Qxe2 20. Rxe2 Rxe2 21. Nxe2 Re8 22. Nxf4 Bxf4 23. Bxf4 Rc8 24. Re1 Bf5 25. c3 b6 26. Re7 Be6 27. Rxc7 Rxc7 28. Bxc7 b5 29. b3 Kg7 30. Kf1 Kg6 31. Ne5+ Kf5 32. Nxc6 Ke4 33. Ke2 Kd5 34. Nb4+ Ke4 35. g4 h6 36. f3# 1-0